Central Library OPAC University of Rajshahi

শিক্ষা ও জাতীয় উন্নয়ন / (Record no. 61856)

MARC details
000 -LEADER
fixed length control field 00992nam a2200241 a 4500
001 - CONTROL NUMBER
control field 61856
003 - CONTROL NUMBER IDENTIFIER
rucl marc code BD-RjUL
005 - DATE AND TIME OF LATEST TRANSACTION
control field 20211209081017.0
008 - FIXED-LENGTH DATA ELEMENTS--GENERAL INFORMATION
fixed length control field 170122s1968 bg ||||| |||| 00| 0 ben d
020 ## - INTERNATIONAL STANDARD BOOK NUMBER
Terms of availability : Tk'. 9.00
035 ## - SYSTEM CONTROL NUMBER
System control number (BD-RjUL)61980
040 ## - CATALOGING SOURCE
Original cataloging agency BD-RjUL
Language of cataloging ben
Transcribing agency BD-RjUL
041 ## - LANGUAGE CODE
Language code of text/sound track or separate title ben
082 ## - DEWEY DECIMAL CLASSIFICATION NUMBER
Edition number 23
Classification number 370.95
Author mark and year HAS 1968
100 ## - MAIN ENTRY--PERSONAL NAME
Personal name হক, মুহম্মদ শামস্-উল
9 (RLIN) 184163
245 10 - TITLE STATEMENT
Title শিক্ষা ও জাতীয় উন্নয়ন /
Statement of responsibility, etc. মুহম্মদ শামস্-উল হক ; আবদুল্লাহ আল-মুতী অনূদিত
260 ## - PUBLICATION, DISTRIBUTION, ETC. (IMPRINT)
Place of publication, distribution, etc. ঢাকা :
Name of publisher, distributor, etc. বাংলা একাডেমী,
Date of publication, distribution, etc. ১৯৬৮
300 ## - PHYSICAL DESCRIPTION
Pagination [১৪], ৩০১ পৃ. ;
Size ২৩ সেমি.
650 ## - SUBJECT ADDED ENTRY--TOPICAL TERM
Topical term or geographic name as entry element শিক্ষা
Geographic subdivision এশিয়া
9 (RLIN) 184164
Topical term or geographic name as entry element Education
Geographic subdivision Asia
9 (RLIN) 181934
700 ## - ADDED ENTRY--PERSONAL NAME
Personal name আল-মুতী, আবদুল্লাহ, অনুবাদক
942 ## - ADDED ENTRY ELEMENTS (KOHA)
Source of classification or shelving scheme Dewey Decimal Classification
Koha item type Books
Holdings
Lost status Source of classification or shelving scheme Damaged status Not for loan Collection code Permanent Location Current Location Shelving location Date acquired Source of acquisition Cost, normal purchase price Total Checkouts Full call number Date last seen Copy number Koha item type
  Dewey Decimal Classification   Not For Loan Non-fiction Central Library, University of Rajshahi Central Library, University of Rajshahi Reading Room 17/05/1974 Bangla Academy, Dhaka 9.00   B 370.95 HAS 1968 22/01/2017 C-1 Books